[Event "County (vs Dorset)"]
[Site "?"]
[Date "1997.??.??"]
[Round "?"]
[White "Freeman, Michael J"]
[Black "Brameld, Arthur F"]
[Result "0-1"]
[Annotator "Hiarcs 6.0 (30s)"]
[WhiteElo "2040"]
[BlackElo "2190"]
[PlyCount "98"]
[GameId "2174117920467996"]
[EventDate "1997.??.??"]
[EventType "game"]

1. d4 Nf6 2. c4 c5 3. d5 e6 4. Nc3 exd5 5. cxd5 d6 6. Nf3 g6 7. Bf4 a6 8. a4 Bg7 9. e4 O-O 10. Be2 Re8 11. Nd2 Qc7 12. O-O Nbd7 13. a5 b5 14. axb6 Nxb6 15. Re1 Nfd7 16. Bg4 {out of book} Ne5 17. Bxc8 Qxc8 18. Nf3 Nbc4 19. Nxe5 Nxe5 20. Qe2 Qb7 21. Ra4 Reb8 22. Rea1 {Increasing the pressure on the isolated pawn on a6} Qxb2 23. Qxb2 {Plans Rxa6} Rxb2 24. Rxa6 {Threatening mate... how?} Rab8 $11 (24... Rxa6 $5 25. Rxa6 h5 $15) 25. Ra8 Nc4 {Black is in command} 26. Rxb8+ Rxb8 27. Rc1 Ne5 28. Bxe5 $17 (28. Rb1 Rxb1+ 29. Nxb1 Kf8 $15) 28... Bxe5 29. Ne2 Rb4 30. f3 f5 31. exf5 gxf5 32. Rd1 Rb2 33. Kf1 $19 (33. Ng3 Bxg3 34. hxg3 Kf7 $17) 33... Kf7 $17 (33... Bxh2 $5 34. f4 h5 35. Ra1 $19) 34. f4 Bf6 35. Kf2 Bd4+ 36. Ke1 (36. Kf1 Bg7 $17) 36... Be3 37. g3 Ke7 (37... c4 38. Kf1 $17) 38. h3 (38. Kf1 c4 $17) 38... h5 39. Kf1 Kd7 40. Ke1 $17 (40. Ra1 $5 $15) 40... Kc7 41. Rd3 $4 $19 {causes even greater problems} (41. Kf1 $142 $17) 41... Rb1+ {Black begins to deal mighty blows} 42. Rd1 Bf2+ $1 {Black should return some of the goodies he has collected} 43. Kd2 Rb2+ 44. Kd3 c4+ 45. Kxc4 Rxe2 46. Ra1 (46. Rd3 {does not improve anything} Re3 47. Rxe3 Bxe3 $19) 46... Bxg3 47. Ra7+ Kb6 $1 {a devastating blow} 48. Rd7 (48. Ra8 {doesn't do any good} Re4+ 49. Kc3 Bxf4 $19) 48... Re4+ 49. Kd3 Kc5 $1 {here's the full point} (49... Kc5 50. Rh7 h4 $19) 0-1

[Event "County (Wilts)"]
[Site "?"]
[Date "1994.??.??"]
[Round "?"]
[White "Churm, Rohan"]
[Black "Brameld, Arthur F"]
[Result "0-1"]
[WhiteElo "1830"]
[BlackElo "2070"]
[PlyCount "58"]
[EventDate "1994.??.??"]
[EventType "game"]

1. e4 Nf6 2. Nc3 d5 3. e5 Ne4 4. Nxe4 dxe4 5. d3 Nc6 6. Bf4 Bf5 7. g4 Bg6 8. e6 fxe6 9. Bg2 exd3 10. cxd3 Qxd3 11. Qxd3 Bxd3 12. Bxc7 Rc8 13. Bg3 g6 14. Bxc6+ Rxc6 15. Be5 Rg8 16. Kd2 Be4 17. f3 Bh6+ 18. Kd1 Bd5 19. h4 Be3 20. Ke2 Bb6 21. Bc3 Rf8 22. Rh3 Bc4+ 23. Kd2 Rd6+ 24. Kc2 Bd3+ 25. Kb3 Bf2 26. a3 Rb6+ 27. Ka4 Rf4+ 28. b4 Bc2+ 29. Ka5 Ra6+ 0-1

[Event "County ¼ Finals"]
[Site "?"]
[Date "1993.??.??"]
[Round "?"]
[White "Brameld, Arthur F"]
[Black "Cooksey, M."]
[Result "1-0"]
[WhiteElo "2095"]
[BlackElo "1925"]
[PlyCount "71"]
[EventDate "1993.??.??"]
[EventType "game"]

1. e4 c5 2. Nf3 e6 3. Nc3 a6 4. d4 cxd4 5. Nxd4 Qc7 6. a3 Nf6 7. f4 d6 8. Be3 Be7 9. Be2 Bd7 10. g4 Nc6 11. g5 Ng8 12. f5 Ne5 13. Qd2 b5 14. O-O Rc8 15. Rf2 Nc4 16. Bxc4 Qxc4 17. fxe6 Bxe6 18. Nf5 Bxf5 19. Rxf5 h6 20. Raf1 Bxg5 21. Bxg5 hxg5 22. Qxd6 Rh6 23. Re5+ Re6 24. Rd1 Rxe5 25. Qxe5+ Ne7 26. Qxg7 Ng6 27. Qf6 Nf4 28. Qxa6 Nh3+ 29. Kg2 Nf4+ 30. Kf3 Rc6 31. Qa8+ Rc8 32. Qb7 Qe6 33. Qxb5+ Kf8 34. Qf5 Qa6 35. Kg4 Ne6 36. Rd7 1-0

[Event "County ¼ Finals (Cambs)"]
[Site "?"]
[Date "1995.??.??"]
[Round "?"]
[White "Brameld, Arthur F"]
[Black "Hague, Ben"]
[Result "1-0"]
[WhiteElo "2205"]
[BlackElo "2060"]
[PlyCount "71"]
[GameId "2174117920467932"]
[EventDate "1995.??.??"]
[EventType "game"]

1. e4 c5 2. Nf3 d6 3. d4 cxd4 4. Qxd4 Nc6 5. Bb5 Bd7 6. Bxc6 Bxc6 7. Nc3 Nf6 8. Bg5 e6 9. O-O-O Be7 10. Rhe1 O-O 11. e5 dxe5 12. Qh4 Qb6 13. Nxe5 Rac8 14. Ng4 Nxg4 15. Bxe7 Rfe8 16. Bg5 h6 17. Bd2 Nf6 18. Bxh6 Qc5 19. Be3 Qf5 20. Rd4 Nd5 21. Ne4 Nxe3 22. Rxe3 Bxe4 23. Rexe4 Qb5 24. Re3 Qf5 25. c3 Qc5 26. Rh3 f6 27. Qh8+ Kf7 28. Rd7+ Re7 29. Rxe7+ Kxe7 30. Qxg7+ Kd6 31. Qxf6 Qb5 32. Qd4+ Kc6 33. Rd3 Qg5+ 34. Kc2 Qe7 35. Qc4+ Kb6 36. Qxc8 1-0

[Event "County ¼ Finals v Lancashire"]
[Site "?"]
[Date "1992.??.??"]
[Round "?"]
[White "Brameld, Arthur F"]
[Black "Conroy, Mike"]
[Result "1-0"]
[WhiteElo "2135"]
[BlackElo "2085"]
[PlyCount "79"]
[EventDate "1992.??.??"]
[EventType "game"]

1. e4 e6 2. d4 d5 3. Nd2 Nc6 4. Ngf3 Nf6 5. e5 Nd7 6. Bb5 a5 7. O-O Na7 8. Bd3 c5 9. c3 {9.c4!?} Nc6 10. Re1 b6 11. Nf1 Ba6 12. Bg5 Be7 13. Bxe7 Qxe7 14. Bxa6 Rxa6 15. Qa4 Ndb8 16. dxc5 bxc5 17. Qg4 g6 18. Qf4 Nd7 19. Ne3 O-O 20. Ng4 f6 21. exf6 Nxf6 22. Nxf6+ Rxf6 23. Qg4 Ra8 24. Ng5 $6 e5 25. Rad1 Rd8 26. Rd3 e4 27. Rh3 h5 28. Qg3 Ne5 29. f3 Nd3 30. Re3 Nf4 $6 31. Rh4 d4 32. Re1 $1 d3 33. Rxf4 d2 34. Rd1 e3 35. Rxf6 Qxf6 36. Ne4 Qa6 37. Qg5 $1 e2 $4 38. Qxd8+ Kg7 39. Qd7+ Kh6 40. Qxd2+ 1-0

[Event "County ½ Finals (Kent)"]
[Site "?"]
[Date "1994.??.??"]
[Round "?"]
[White "O'Kelly, Rory"]
[Black "Brameld, Arthur F"]
[Result "1-0"]
[WhiteElo "2070"]
[BlackElo "2070"]
[PlyCount "101"]
[EventDate "1994.??.??"]
[EventType "game"]

1. d4 e6 2. Nf3 Nf6 3. c4 c5 4. d5 exd5 5. cxd5 d6 6. Nc3 g6 7. e4 Bg7 8. Be2 O-O 9. O-O Re8 10. Qc2 Na6 11. Bf4 Bg4 12. h3 Bxf3 13. Bxf3 Nc7 14. a4 Qe7 15. Rfe1 Nd7 16. Qd2 Ne5 17. Be2 b6 18. Bg5 f6 19. Bh4 a6 20. f4 Bh6 21. Bg3 Rab8 22. b3 Rb7 23. Bxa6 Nxa6 24. Qe2 Nb4 25. fxe5 fxe5 26. Rf1 Qg5 27. Rf3 Rf8 28. Raf1 Rxf3 29. Qxf3 Qe3+ 30. Qxe3 Bxe3+ 31. Bf2 Bh6 32. Nb5 Bf8 33. Be3 Rf7 34. Na3 Rxf1+ 35. Kxf1 Kf7 36. Bd2 Nd3 37. Ke2 Nf4+ 38. Bxf4 exf4 39. Nc4 Ke7 40. Nxb6 Kd8 41. Kf3 Bh6 42. Kg4 Kc7 43. Nc4 Kd7 44. Nb2 Kc7 45. Nd3 Kb6 46. Nxf4 Ka5 47. Nd3 c4 48. bxc4 Kxa4 49. c5 dxc5 50. d6 Bf8 51. d7 1-0

[Event "County ½ Finals (Notts)"]
[Site "?"]
[Date "1995.??.??"]
[Round "?"]
[White "Brameld, Arthur F"]
[Black "Simpson, K."]
[Result "1/2-1/2"]
[WhiteElo "2160"]
[BlackElo "2060"]
[PlyCount "95"]
[GameId "2174117920467923"]
[EventDate "1995.??.??"]
[EventType "game"]

1. e4 e5 2. f4 exf4 3. Nf3 h6 4. Bc4 d6 5. h4 Nf6 6. Nc3 Be7 7. d4 Nh5 8. Nd5 Ng3 9. Rh2 Nxe4 10. Nxf4 c6 11. d5 c5 12. Qe2 Nf6 13. Bb5+ Bd7 14. Bd2 O-O 15. Bxd7 Nbxd7 16. O-O-O Ng4 17. Ne6 fxe6 18. Qxe6+ Kh8 19. Qxg4 Bf6 20. Ng5 Be5 21. Rh3 Nf6 22. Qf5 Qd7 23. Qg6 Qe8 24. Qd3 Qa4 25. Kb1 Qd4 26. Qxd4 cxd4 27. Ne6 Rf7 28. Rf3 Re7 29. Re1 Nxd5 30. Nf8 Kg8 31. Ng6 Re6 32. h5 Nf6 33. Rf5 Rae8 34. a3 Nd7 35. Ref1 Bf6 36. g4 Re2 37. Bf4 d3 38. c3 d2 39. Rd1 Rg2 40. Rxd2 Rxg4 41. Rxd6 Nb6 42. Bxh6 Nc4 43. Rd7 Rg2 44. Bc1 Rg1 45. Kc2 Ree1 46. Bd2 Rb1 47. Rxb7 Nxa3+ 48. Kb3 {White had less than 1/2 minute to finish the game hence "Draw".} 1/2-1/2

[Event "County ½-Finals"]
[Site "?"]
[Date "1993.??.??"]
[Round "?"]
[White "Myall, I."]
[Black "Brameld, Arthur F"]
[Result "0-1"]
[WhiteElo "2110"]
[BlackElo "2070"]
[PlyCount "136"]
[EventDate "1993.??.??"]
[EventType "game"]

1. e4 Nf6 2. Nc3 d5 3. exd5 Nxd5 4. Bc4 e6 5. Qf3 Nb6 6. Bb3 Nc6 7. Nge2 g6 8. d3 Bg7 9. h4 Nd4 10. Nxd4 Qxd4 11. h5 Qe5+ 12. Kf1 Qf5 13. Qxf5 gxf5 14. Nb5 Be5 15. Be3 Bd7 16. Bd4 Bxd4 17. Nxd4 c5 18. Ne2 Bc6 19. f3 O-O-O 20. Kf2 Bd5 21. Rh4 Kb8 22. Bxd5 Nxd5 23. a3 Rhg8 24. b4 cxb4 25. axb4 Rg5 26. b5 Rc8 27. Ra2 f4 28. c4 Nb4 29. Rd2 e5 30. Nc3 f5 31. Na2 Nxa2 32. Rxa2 Rd8 33. Rd2 Kc7 34. Rh1 e4 35. Rdd1 exd3 36. Rhe1 Rg7 37. Rd2 Rd4 38. c5 Rgd7 39. Re5 R4d5 40. b6+ axb6 41. cxb6+ Kxb6 42. Re1 Kc5 43. Rc1+ Kd4 44. Rb2 b5 45. Rb4+ Ke5 46. Re1+ Kf6 47. Rxf4 Kg5 48. Rb4 Rc7 49. Rd1 Rc2+ 50. Kf1 Kxh5 51. Rb3 d2 52. Ke2 Kh4 53. Kf2 f4 54. Rb4 Kg5 55. Ke2 Rc4 56. Rb2 Rcd4 57. Kf2 b4 58. g3 fxg3+ 59. Kxg3 h5 60. Rb3 Rc5 61. Rb2 Rcd5 62. Rb3 h4+ 63. Kf2 Kf4 64. Rbb1 h3 65. Rb2 Rg5 66. Rbxd2 Rg2+ 67. Ke1 Rgxd2 68. Rxd2 Rxd2 0-1

[Event "County Finals"]
[Site "?"]
[Date "1992.??.??"]
[Round "?"]
[White "Brameld, Arthur F"]
[Black "Townsend, M."]
[Result "1/2-1/2"]
[WhiteElo "2135"]
[BlackElo "2085"]
[PlyCount "101"]
[EventDate "1992.??.??"]
[EventType "game"]

1. e4 e5 2. f4 d5 3. exd5 e4 4. Nc3 Nf6 5. Qe2 Bf5 6. Nf3 Nbd7 7. h3 Nh5 8. Nd4 Qh4+ 9. Kd1 Nxf4 10. Nxf5 Nxe2 11. Nxh4 Ng3 12. Rg1 Bc5 13. d4 Bxd4 14. Bf4 Bxg1 15. Bxg3 O-O-O 16. Nxe4 $16 Nb6 17. c4 Rhe8 18. Ng5 $2 Nxd5 19. cxd5 Rxd5+ 20. Kc2 Rxg5 21. Re1 Rc5+ 22. Kb1 Rxe1+ 23. Bxe1 Be3 24. Bc3 g5 25. Nf3 h5 26. Bd3 g4 27. hxg4 hxg4 28. Ne5 Rd5 29. Kc2 Bd4 30. Nxg4 Rc5 31. Nh6 Bxc3 32. bxc3 f6 33. g4 Kd7 34. Nf5 Ke6 35. Nd4+ Ke5 36. Kb3 Rd5 37. Bf5 c5 38. Ne6 b6 39. Nf8 Rd2 $2 40. Nd7+ Kf4 41. Nxf6 Ke5 42. Nd7+ Kf4 43. a4 Rd1 44. a5 bxa5 45. Nxc5 Ke5 46. Ne6 Rg1 47. Nd4 Kd5 48. Nb5 Rg3 49. Nxa7 a4+ 50. Kxa4 Rxc3 51. Kb4 1/2-1/2

[Event "County Semi-Finals"]
[Site "?"]
[Date "1992.??.??"]
[Round "?"]
[White "Brameld, Arthur F"]
[Black "Mitchell, J."]
[Result "1/2-1/2"]
[WhiteElo "2135"]
[BlackElo "1885"]
[PlyCount "53"]
[EventDate "1992.??.??"]
[EventType "game"]

1. e4 e5 2. f4 d5 3. exd5 c6 4. Nc3 cxd5 5. Qe2 Nc6 6. fxe5 Nb4 $2 7. d3 d4 8. Ne4 Be6 9. c3 Nc6 10. Nf3 Qd5 11. Bf4 O-O-O 12. c4 Qa5+ 13. Kf2 Nge7 14. g3 Ng6 15. Neg5 Be7 16. Nxe6 fxe6 17. Bh3 Rhf8 18. Bxe6+ Kb8 19. Bd5 Nxf4 20. gxf4 Rxf4 21. Kg3 $2 Rdf8 22. Rhf1 Qc7 23. Kg2 g5 24. Rae1 Bb4 25. Rb1 Be7 26. Rbe1 Bb4 27. Rb1 1/2-1/2